| 000 -LEADER |
| fixed length control field |
00667nam a22001697a 4500 |
| 005 - DATE AND TIME OF LATEST TRANSACTION |
| control field |
20231110121329.0 |
| 008 - FIXED-LENGTH DATA ELEMENTS--GENERAL INFORMATION |
| fixed length control field |
231110s1978 ru ||||| |||| 00| 0 rus d |
| 041 ## - LANGUAGE CODE |
| Language code of text/sound track or separate title |
rus |
| 080 ## - UNIVERSAL DECIMAL CLASSIFICATION NUMBER |
| Universal Decimal Classification number |
1(38)(092) Ш-92 |
| 100 ## - MAIN ENTRY--PERSONAL NAME |
| Personal name |
Шейнман-Топштейн, С.Я. |
| 9 (RLIN) |
20322 |
| 245 ## - TITLE STATEMENT |
| Title |
Платон и ведийская философия / |
| Statement of responsibility, etc. |
С.Я. Шейнман-Топштейн. |
| 264 ## - PRODUCTION, PUBLICATION, DISTRIBUTION, MANUFACTURE, AND COPYRIGHT NOTICE |
| Place of production, publication, distribution, manufacture |
М.: |
| Name of producer, publisher, distributor, manufacturer |
Главная редакция восточной литературы издательства «Наука», |
| Date of production, publication, distribution, manufacture, or copyright notice |
1978. |
| 300 ## - PHYSICAL DESCRIPTION |
| Extent |
199 стр. |
| Other physical details |
20 см. |
| 653 ## - INDEX TERM--UNCONTROLLED |
| keyword |
ფილოსოფია |
| 653 ## - INDEX TERM--UNCONTROLLED |
| keyword |
პლატონი |
| 942 ## - ADDED ENTRY ELEMENTS (KOHA) |
| Source of classification or shelving scheme |
|
| Koha item type |
წიგნი |